Word Ladder: Halloween Treats Quiz Stats

 Plays Quiz Updated Oct 15, 2015

Challenge
Share
Tweet
Embed
Score 0/24 Timer 03:00
0 Plays Today
HINT 4-Letter Word % Correct
____ in SpaceLOST
94.6%
Apple remainsCORE
94.4%
It ____ From Outer SpaceCAME
94.1%
____ and get it!COME
93.7%
List of actorsCAST
92.8%
●PRICE●●COST●
91.7%
Detective's gigCASE
90%
Honey holderCOMB
89.5%
Roster, e.g.LIST
89%
Chamberlain of NBA fameWILT
88.9%
●THE MUMMY'S ____●TOMB●
88.1%
Train a shrew?TAME
87.3%
HINT 4-Letter Word % Correct
Peel with a knifePARE
84.9%
Not starboardPORT
84.9%
●____ THE RED SEA●●PART●
84.6%
Large volumeTOME
84%
Study intentlyPORE
83.5%
Sing in a lively and cheerful wayLILT
81.8%
●FERAL●●WILD●
81.5%
SemesterTERM
81.4%
French fatherPÈRE
81%
Blue Demons or Sun Devils, e.g.TEAM
79.8%
Hair frizzlerPERM
78.6%
●KETTLE BREWS●●TEAS●
71.1%

Today's Daily Dose

You're not logged in!

Compare scores with friends on all Sporcle quizzes.
Join for Free
OR
Log In

You Might Also Like...

Show Comments

Extras

Top Quizzes Today


Score Distribution

Your Account Isn't Verified!

In order to create a playlist on Sporcle, you need to verify the email address you used during registration. Go to your Sporcle Settings to finish the process.

Report this User

Report this user for behavior that violates our Community Guidelines.

Details: